CYBERSECURITY STRATEGIES AND BEST PRACTICES (Record no. 216708)
[ view plain ]
| 000 -LEADER | |
|---|---|
| fixed length control field | 00498nam a22001817a 4500 |
| 008 - FIXED-LENGTH DATA ELEMENTS--GENERAL INFORMATION | |
| fixed length control field | 260226b |||||||| |||| 00| 0 eng d |
| 020 ## - INTERNATIONAL STANDARD BOOK NUMBER | |
| International Standard Book Number | 978-1-80323-005-4 |
| 050 ## - LIBRARY OF CONGRESS CALL NUMBER | |
| Classification number | TK 5105.59 .A85 2024 |
| Item number | 1 |
| 100 ## - MAIN ENTRY--PERSONAL NAME | |
| Personal name | ASLANER,MILAD |
| 245 ## - TITLE STATEMENT | |
| Title | CYBERSECURITY STRATEGIES AND BEST PRACTICES |
| 250 ## - EDITION STATEMENT | |
| Edition statement | 1ST EDITION |
| 260 ## - PUBLICATION, DISTRIBUTION, ETC. | |
| Place of publication, distribution, etc. | BIRMINGHAM |
| Name of publisher, distributor, etc. | PACKT PUBLISHING |
| Date of publication, distribution, etc. | 2024 |
| 300 ## - PHYSICAL DESCRIPTION | |
| Extent | XVII,233P |
| 500 ## - GENERAL NOTE | |
| General note | INCLUDES INDEX |
| 650 ## - SUBJECT ADDED ENTRY | |
| Topical term or geographic name entry element | COMPUTRER NETWORKS |
| 942 ## - ADDED ENTRY ELEMENTS (KOHA) | |
| Source of classification or shelving scheme | Library of Congress Classification |
| Koha item type | Long Loan Book |
| Withdrawn status | Lost status | Source of classification or shelving scheme | Damaged status | Not for loan | Collection | Home library | Current library | Shelving location | Date acquired | Inventory number | Total checkouts | Full call number | Barcode | Date last seen | Copy number | Price effective from | Koha item type |
|---|---|---|---|---|---|---|---|---|---|---|---|---|---|---|---|---|---|
| Library of Congress Classification | Science & Technology | Kisii University Library | Kisii University Library | On Display | 02/26/2026 | 111118 | TK 5105.59 .A85 2024 | A000395 | 02/26/2026 | 1 | 02/26/2026 | Long Loan Book | |||||
| Library of Congress Classification | Science & Technology | Kisii University Library | Kisii University Library | On Display | 02/26/2026 | 111119 | TK 5105.59 .A85 2024 | A000396 | 02/26/2026 | 2 | 02/26/2026 | Long Loan Book | |||||
| Library of Congress Classification | Science & Technology | Kisii University Library | Kisii University Library | On Display | 02/26/2026 | 111120 | TK 5105.59 .A85 2024 | A000544 | 02/26/2026 | 3 | 02/26/2026 | Long Loan Book | |||||
| Library of Congress Classification | Science & Technology | Kisii University Library | Kisii University Library | On Display | 02/26/2026 | 111121 | TK 5105.59 .A85 2024 | A000546 | 02/26/2026 | 4 | 02/26/2026 | Long Loan Book | |||||
| Library of Congress Classification | Science & Technology | Kisii University Library | Kisii University Library | On Display | 02/26/2026 | 111122 | TK 5105.59 .A85 2024 | A000367 | 02/26/2026 | 5 | 02/26/2026 | Long Loan Book |